|
|
|
|
| LEADER |
00000cac a2200000 a 4500 |
| 001 |
71514 |
| 003 |
Ucuenca |
| 005 |
20231028063131.0 |
| 008 |
000000|1963 sp |||||r|||||||||||spa|| |
| 040 |
|
|
|b spa
|
| 041 |
0 |
|
|a es
|
| 082 |
0 |
|
|a 724
|
| 100 |
1 |
|
|9 5731
|a Ráfols, J. F.
|
| 245 |
|
|
|a Arquitectura de la edades modernas y contemporánea
|c J. F. Ráfols
|h imp
|
| 264 |
|
|
|a Barcelona
|b Ramón Sopena
|c 1963
|
| 300 |
|
|
|a 260 páginas:
|b ilu
|c 20 cm
|
| 490 |
|
|
|a Bellezas eternas: el arte a través de las distintas épocas
|
| 500 |
|
|
|a Contiene un índice alfabético
|
| 650 |
|
0 |
|a Arquitectura moderna
|9 6806
|
| 650 |
|
0 |
|a Arquitectura contemporanea
|9 33363
|
| 650 |
|
7 |
|a Arquitectura
|9 5671
|
| 852 |
|
|
|a UC-CDJBV
|f Compra
|l 1
|m General
|p 00000000
|r 2
|t 71514
|b 0
|d CDRC
|e CDRC
|g 724 SEGUNDO PISO
|z 0000-00-00
|
| 942 |
|
|
|c CR
|2 ddc
|r sergio.cajamarca@ucuenca.edu.ec
|
| 999 |
|
|
|c 118969
|d 118969
|